El dilema energético: ¿medievo tecnocrático o humanismo socialista?
Uloženo v:
| Hlavní autor: | |
|---|---|
| Médium: | Kniha |
| Jazyk: | španělština |
| Vydáno: |
Madrid
H. Blume
1978
|
| Edice: | Ciencia, Tecnología, Sociedad
|
| Témata: | |
| Tagy: |
Přidat tag
Žádné tagy, Buďte první, kdo vytvoří štítek k tomuto záznamu!
|
MARC
| LEADER | 00000nam a2200000 a 4500 | ||
|---|---|---|---|
| 001 | UCR9260 | ||
| 003 | CL-VaPUC | ||
| 008 | 980613e19780000SP |||||||||||||||||spa|d | ||
| 082 | 0 | 4 | |a 333.7 |b ZOR |2 21 |
| 100 | 0 | |a Zorzoli, Gustavo Fabián |e author |9 411587 | |
| 245 | 1 | 3 | |a El dilema energético: ¿medievo tecnocrático o humanismo socialista? |
| 300 | |a 239 p | ||
| 942 | |c BK | ||
| 945 | |d 19980613 00:00:00 |a cmena | ||
| 260 | |a Madrid |b H. Blume |c 1978 | ||
| 650 | 0 | |a Energía |9 259431 | |
| 650 | 0 | |a Recursos energéticos |9 263206 | |
| 650 | 7 | |a CONSUMO DE ENERGIA |2 CL-VaPUC |9 271590 | |
| 650 | 7 | |a ESCASEZ DE ENERGIA |2 CL-VaPUC |9 411588 | |
| 650 | 7 | |a CONSERVACION DE LA ENERGIA |2 CL-VaPUC |9 262923 | |
| 650 | 0 | |a Ecología |9 258124 | |
| 650 | 0 | |a Energía nuclear |9 255228 | |
| 650 | 7 | |a ENERGIA SOLAR |2 CL-VaPUC |9 411589 | |
| 650 | 7 | |a ENERGIA GEOTERMICA |2 CL-VaPUC |9 358260 | |
| 583 | |a last modification |c 19980613 00:00:00 |k Rodrigo Vera | ||
| 490 | 0 | |a Ciencia, Tecnología, Sociedad | |
| 999 | |c 270462 |d 270460 | ||
| 952 | |0 0 |1 0 |4 0 |6 333_700000000000000_ZOR_1978 |7 0 |8 A |9 304767 |a BIBENE |b BIBENE |d 2019-11-20 |i 1415360 |o 333.7 ZOR 1978 |p 1415360 |r 2025-01-15 |w 2019-11-20 |y BK |k ICO | ||